| 000 | 00671nam a2200277Ia 4500 | ||
|---|---|---|---|
| 008 | 210210b2011 xxu||||| |||| 00| 0 eng d | ||
| 020 | _a8121933412 | ||
| 041 | _aeng | ||
| 082 | _a174.4 SHES | ||
| 100 | _aSHETH (Tejpal CS) | ||
| 245 | _aS chands business ethics and communication: question and answers for CA-IPCC | ||
| 260 |
_aNew Delhi _bS. Chand & Co. Ltd. _c2011 |
||
| 300 | _a164 | ||
| 650 | _aS | ||
| 650 | _aquestion | ||
| 650 | _afor | ||
| 650 | _aethics | ||
| 650 | _acommunication: | ||
| 650 | _achands | ||
| 650 | _aCA-IPCC | ||
| 650 | _abusiness | ||
| 650 | _aanswers | ||
| 650 | _aand | ||
| 690 | _aBusiness Ethics | ||
| 906 | _a066136 | ||
| 999 |
_c146511 _d146511 |
||